Matematika podklady na prijímacie testy pre uchádzačov o štúdium [2000/2001]
Saved in:
| Main Author: | |
|---|---|
| Corporate Author: | |
| Other Authors: | , , |
| Format: | Book |
| Language: | Slovak |
| Published: |
Bratislava
Vydavateľstvo EKONÓM
[2001]
|
| Subjects: | |
| Tags: |
No Tags, Be the first to tag this record!
|
MARC
| LEADER | 00000nam a2200000 4500 | ||
|---|---|---|---|
| 001 | c124030 | ||
| 005 | 20221124101811.9 | ||
| 020 | |a 80-225-1103-X | ||
| 041 | 0 | |a slo | |
| 044 | |a SK | ||
| 245 | 1 | 0 | |a Matematika |b podklady na prijímacie testy pre uchádzačov o štúdium [2000/2001] |c František Peller ... [et al.] |
| 264 | 1 | |a Bratislava |b Vydavateľstvo EKONÓM |c [2001] | |
| 300 | |a 240 s. | ||
| 610 | 2 | 0 | |a matematika |
| 610 | 2 | 0 | |a školy vysoké |
| 610 | 2 | 0 | |a univerzity |
| 610 | 2 | 0 | |a skúšky prijímacie |
| 610 | 2 | 0 | |a Ekonomická univerzita v Bratislave |
| 610 | 2 | 0 | |a 2000-2001 |
| 100 | 1 | |a Peller, František | |
| 700 | 1 | |a Šáner, Viliam | |
| 700 | 1 | |a Pinda, Ľudovít, 1958- | |
| 700 | 1 | |a Eliáš, Jozef | |
| 710 | 2 | |a Ekonomická univerzita v Bratislave | |